000
00283nam a2200109Ia 4500
008
200302s9999 xx 000 0 und d
100
_a
Time-Life Books
245
_a
Mound Builders & Cliff Dwellers
260
_b
Time Life Books Alexandria Virginia
260
_c
1992
300
_a
168 P.,
999
_c
1654
_d
1654